<?xml version="1.0" encoding="UTF-8"?>
<record
    xmlns:xsi="http://www.w3.org/2001/XMLSchema-instance"
    xsi:schemaLocation="http://www.loc.gov/MARC21/slim http://www.loc.gov/standards/marcxml/schema/MARC21slim.xsd"
    xmlns="http://www.loc.gov/MARC21/slim">

  <leader>00881nam a22002417a 4500</leader>
  <controlfield tag="005">20230201103925.0</controlfield>
  <controlfield tag="008">230116b          sp ||||| |||| 00| 0 spa d</controlfield>
  <datafield tag="020" ind1=" " ind2=" ">
    <subfield code="a"> 9788430966332</subfield>
    <subfield code="c">	</subfield>
  </datafield>
  <datafield tag="050" ind1="0" ind2="4">
    <subfield code="a"> JA71 </subfield>
    <subfield code="b">M36 2015</subfield>
  </datafield>
  <datafield tag="245" ind1=" " ind2=" ">
    <subfield code="a">Manual de ciencia politica / </subfield>
    <subfield code="c">Ces&#xE1;reo R. Aguilera de Prat, Joan Ant&#xF3;n, Josep Baqu&#xE9;s&#x2026; (et al) : ed. Miquel Caminal Badia ; coord. ; prol. Jordi Capo Giol </subfield>
  </datafield>
  <datafield tag="250" ind1=" " ind2=" ">
    <subfield code="a">4a ed.	</subfield>
  </datafield>
  <datafield tag="260" ind1=" " ind2=" ">
    <subfield code="a"> Madrid ; </subfield>
    <subfield code="b">Tecnos, </subfield>
    <subfield code="c"> 2015</subfield>
  </datafield>
  <datafield tag="300" ind1=" " ind2=" ">
    <subfield code="a">760 p. : 		</subfield>
    <subfield code="b">il. ; </subfield>
    <subfield code="c">24 cm</subfield>
  </datafield>
  <datafield tag="500" ind1=" " ind2=" ">
    <subfield code="a"># 202  remesa azul  enero 2020  fact. FF3D21</subfield>
  </datafield>
  <datafield tag="650" ind1=" " ind2=" ">
    <subfield code="a">Ciencia politica</subfield>
  </datafield>
  <datafield tag="650" ind1=" " ind2=" ">
    <subfield code="a">Manuales universitarios </subfield>
  </datafield>
  <datafield tag="650" ind1=" " ind2=" ">
    <subfield code="a">Pol&#xED;tica </subfield>
    <subfield code="x">Filosof&#xED;a </subfield>
  </datafield>
  <datafield tag="650" ind1=" " ind2=" ">
    <subfield code="a">Pol&#xED;tica </subfield>
    <subfield code="x">teor&#xED;a </subfield>
  </datafield>
  <datafield tag="700" ind1=" " ind2=" ">
    <subfield code="a">Aguilera de Prat, Ces&#xE1;reo R. </subfield>
    <subfield code="e">col.</subfield>
  </datafield>
  <datafield tag="700" ind1=" " ind2=" ">
    <subfield code="a">Caminal Badia, Miquel </subfield>
    <subfield code="e">ed. </subfield>
  </datafield>
  <datafield tag="700" ind1=" " ind2=" ">
    <subfield code="a">Capo Giol, Jordi  </subfield>
    <subfield code="e">coord.</subfield>
    <subfield code="e">prol. </subfield>
  </datafield>
  <datafield tag="942" ind1=" " ind2=" ">
    <subfield code="2">lcc</subfield>
    <subfield code="c">LIB</subfield>
  </datafield>
  <datafield tag="999" ind1=" " ind2=" ">
    <subfield code="c">165689</subfield>
    <subfield code="d">165687</subfield>
  </datafield>
  <datafield tag="952" ind1=" " ind2=" ">
    <subfield code="1">0</subfield>
    <subfield code="2">lcc</subfield>
    <subfield code="4">0</subfield>
    <subfield code="7">0</subfield>
    <subfield code="a">LIC-020</subfield>
    <subfield code="b">LIC-020</subfield>
    <subfield code="c">GENERAL</subfield>
    <subfield code="d">2023-01-16</subfield>
    <subfield code="f">4a ed.</subfield>
    <subfield code="k">EH</subfield>
    <subfield code="l">0</subfield>
    <subfield code="o">JA71 M36 r2017</subfield>
    <subfield code="p">BFF000038679	 </subfield>
    <subfield code="r">2023-01-16 00:00:00</subfield>
    <subfield code="t">C.1</subfield>
    <subfield code="v">1.00</subfield>
    <subfield code="y">LIB</subfield>
  </datafield>
</record>
